Jacques Lacan : el psicoanálisis y su aporte a la cultura contemporánea /

I tiakina i:
Ngā taipitopito rārangi puna kōrero
Kaituhi matua: Chorne, Miriam (edición)
Ētahi atu kaituhi: Dessal, Gustavo (edición) (edición)
Hōputu: Pukapuka
Reo:Pāniora
I whakaputaina: Madrid, España : Fondo de Cultura Económica, 2017, c2017
Rangatū:(Sección de Obras de Psicología, Psiquiatría y Psicoanálisis)
Ngā marau:
Ngā Tūtohu: Tāpirihia he Tūtohu
Kāore He Tūtohu, Me noho koe te mea tuatahi ki te tūtohu i tēnei pūkete!

MARC

LEADER 00000nam^a2200000^a^4500
001 000414386
005 20250521000000.0
009 20260310122230.592
020 |a 978-84-375-0763-7 
037 |a Acervo ITESO - Biblioteca 
041 |a ESP 
082 |a 150. 1957  |b LAC CRI CHO 
100 |a Chorne, Miriam  |e (edición) 
245 1 0 |a Jacques Lacan :  |b el psicoanálisis y su aporte a la cultura contemporánea /  |c Ed. de M. Chorne, G. Dessal. 
264 4 |a Madrid, España :  |b Fondo de Cultura Económica,  |c 2017, c2017 
300 |a 707 p. 
336 |a texto  |b txt  |2 rdacontenido 
337 |a sin mediación  |b n  |2 rdamedio 
338 |a volumen  |b nc  |2 rdasoporte 
440 1 |a (Sección de Obras de Psicología, Psiquiatría y Psicoanálisis) 
649 |a XX 
650 |a Psicoanalistas Franceses -  |x Biografías 
650 |a Mujeres -  |x Condiciones Psicológicas 
650 |a Inconsciente 
650 |a Sujeto (Filosofía) 
650 |a Amor -  |x Aspectos Psicológicos 
650 |a Deseo 
650 |a Complejo de Edipo 
650 |a Ansiedad de Castración 
650 |a Ansiedad 
650 |a Fantasma (Psicoanálisis) 
650 |a Formación de Síntoma 
650 |a Interpretación Psicoanalítica 
650 |a Neurosis 
650 |a Histeria 
650 |a Fobias 
650 |a Perversión (Psicoanálisis) 
650 |a Psicosis 
650 |a Forclusión 
650 |a Odio 
650 |a Segregación 
650 |a Culpa -  |x Aspectos Psicológicos 
650 |a Responsabilidad 
650 |a Etica -  |x Aspectos Psicológicos 
650 |a Psicoanálisis y Religión 
650 |a Psicoanálisis y Literatura 
650 |a Psicoanálisis y Arte 
650 |a Psicoanálisis -  |x Historia y Crítica -  |x Tema Principal 
650 |a Psicoanálisis -  |x Teoría 
650 |a Psicoanálisis Lacaniano 
650 |a Psicología 
650 |a Lacan, Jacques -  |x Tema Principal 
700 |a Dessal, Gustavo  |e (edición) 
910 |a Fondo General 
920 |a Impresos - Libros 
930 |a Colección General 
905 |a 101 
901 |a 0500312341  |b IT1  |c ACC  |i C163547  |u 20250521 
902 |a https://opac.biblio.iteso.mx/vufind/Record/000414386